000 00532nam a2200181Ia 4500
003 GCL
008 140319s9999 xx 000 0 ara d
040 _aGCL /
_cGCL
082 0 4 _a201.16
_bم د
100 1 _aمحمد عمارة
245 1 0 _aالدولة الاسلامية بين العلمانية والسلطة الدينية /
_cمحمد عمارة
260 _a[S.N] :
_bدار الشروق ،
_c1988
300 _a230 ص
490 _a
650 0 4 _aالاسلام
650 0 4 _aالعلمانية
942 _2ddc
_cBK
999 _c34646
_d34646